Language Quiz

Random Language Quiz

You say goodbye and I say... Quiz Stats

 Plays Quiz not verified by Sporcle

Support Sporcle.
Go Orange.
Score 0/28 Timer 05:00
0 Plays Today
Greeting Language % Correct
HelloEnglish
100%
HolaSpanish
98.3%
BonjourFrench
93.3%
HalloGerman
81.7%
ciaoItalian
78.3%
こんにちはJapanese
75%
你好Chinese
75%
приветRussian
75%
مرحباArabic
70%
שלוםHebrew
66.7%
γειά σουGreek
66.7%
안녕하세요Korean
61.7%
OláPortuguese
61.7%
नमस्तेHindi
45%
Greeting Language % Correct
salveLatin
43.3%
cześćPolish
40%
สวัสดีThai
38.3%
ہیلوUrdu
33.3%
ahojCzech
23.3%
העלאYiddish
8.3%
përshëndetjeAlbanian
5%
tereEstonian
5%
sziaHungarian
5%
sveikiLatvian
5%
merhabaTurkish
5%
прывітаннеBelarusian
3.3%
aloRomanian
3.3%
здравоMacedonian
1.7%

You're not logged in!

Compare scores with friends on all Sporcle quizzes.
OR
Log In

From the Vault

Divergent Typing Challenge

by pepsigirl

We hope you don't have a fear of typing.
Remove Ads.
Support Sporcle.
Get the best of Sporcle when you Go Orange. This ad-free experience offers more features, more stats, and more fun while also helping to support Sporcle. Thank you for becoming a member.

Show Comments

Extras

Created Mar 11, 2011ReportNominate
Tags:Goodbye, Greeting

Top Quizzes Today


Score Distribution

Your Account Isn't Verified!

In order to create a playlist on Sporcle, you need to verify the email address you used during registration. Go to your Sporcle Settings to finish the process.

Report this User

Report this user for behavior that violates our Community Guidelines.

Details: